000 00497cam a22001934a 4500
005 20250605164310.0
008 250528s ||||||||||||||||||||||||d
035 _a22435
020 _a9789603445586
040 _aGR-AtMCL
_bgre
_dGR-AtMCL
_eAACR2
245 1 _aΞΕΠΕΡΝΩΝΤΑΣ ΤΗΝ ΚΑΤΑΘΛΙΨΗ
250 _a1
260 _bΕλληνικά Γράμματα,
_c1997
300 _a479
700 1 _aGilbert Paul
_98264
942 _cBK
999 _c7487
_d7487